000 00685nam a2200265Ia 4500
005 20260123172726.0
008 008 260114s9999 xx 000 0 eng d
020 _a9781643270845
037 _aEBOOK
040 _aCRL
040 _beng
040 _cCRL
041 _2eng
041 _aeng
084 _qCRL
100 _aLancaster, J L
_91107235
245 0 _aIntroduction to Classical Field Theory — A tour of the fundamental interactions
260 _bInstitute of Physics
260 _c2018
650 _aClassical physics
_91107236
856 _uhttps://doi.org/10.1088/978-1-64327-084-5
942 _cEBOOK
999 _c1672318
_d1672318